Sự phát triển của công nghiệp văn hóa ở Nhật Bản và Hàn Quốc

Nêu thực trạng, chính sách phát triển và vai trò của công nghiệp văn hoá Nhật Bản, Hàn Quốc cũng như nghiên cứu một số tác động quốc tế của công nghiệp văn hoá hai quốc gia này và bài học kinh nghiệm đối với Việt Nam...

ver descrição completa

Na minha lista:
Detalhes bibliográficos
Autor principal: Phạm, Hồng Thái
Formato: Livro
Idioma:Undetermined
Publicado em: Hà Nội Khoa học xã hội 2015
Assuntos:
Tags: Adicionar Tag
Sem tags, seja o primeiro a adicionar uma tag!
Thư viện lưu trữ: Trung tâm Học liệu Trường Đại học Cần Thơ
LEADER 01058nam a2200217Ia 4500
001 CTU_202675
008 210402s9999 xx 000 0 und d
020 |c 60000 
082 |a 306 
082 |b Th103 
100 |a Phạm, Hồng Thái 
245 0 |a Sự phát triển của công nghiệp văn hóa ở Nhật Bản và Hàn Quốc 
245 0 |c Phạm Hồng Thái (chủ biên) 
260 |a Hà Nội 
260 |b Khoa học xã hội 
260 |c 2015 
520 |a Nêu thực trạng, chính sách phát triển và vai trò của công nghiệp văn hoá Nhật Bản, Hàn Quốc cũng như nghiên cứu một số tác động quốc tế của công nghiệp văn hoá hai quốc gia này và bài học kinh nghiệm đối với Việt Nam 
650 |a Văn hóa Hàn Quốc,Japan civilization,Korean civilization,Văn hóa Nhật Bản 
904 |i Nguyên 
910 |a Khoa 
980 |a Trung tâm Học liệu Trường Đại học Cần Thơ